World trade law : (Record no. 12195)
[ view plain ]
| 000 -LEADER | |
|---|---|
| fixed length control field | 00803cam a22002412 4500 |
| 001 - CONTROL NUMBER | |
| control field | 0000023572 |
| 005 - DATE AND TIME OF LATEST TRANSACTION | |
| control field | 20151217155233.0 |
| 008 - FIXED-LENGTH DATA ELEMENTS--GENERAL INFORMATION | |
| fixed length control field | 130228s xx 000 0 eng d |
| 020 ## - INTERNATIONAL STANDARD BOOK NUMBER | |
| International Standard Book Number | 1841136608 : |
| 040 ## - CATALOGING SOURCE | |
| Original cataloging agency | KABU |
| Transcribing agency | KABU |
| 245 10 - TITLE STATEMENT | |
| Title | World trade law : |
| Remainder of title | text, materials and commentary / |
| Statement of responsibility, etc. | Simon Lester ... [et al.]. |
| 250 ## - EDITION STATEMENT | |
| Edition statement | 1st ed. |
| 260 ## - PUBLICATION, DISTRIBUTION, ETC. (IMPRINT) | |
| Place of publication, distribution, etc. | Oxford : |
| Name of publisher, distributor, etc. | Hart Publishing, |
| Date of publication, distribution, etc. | 2008. |
| 300 ## - PHYSICAL DESCRIPTION | |
| Extent | xiv, 892 p. |
| 650 #0 - SUBJECT ADDED ENTRY--TOPICAL TERM | |
| Topical term or geographic name as entry element | Foreign trade reguation. |
| -- | 0000181384 |
| 650 #0 - SUBJECT ADDED ENTRY--TOPICAL TERM | |
| Topical term or geographic name as entry element | Tariff |
| General subdivision | Law and legislation. |
| -- | 0000162770 |
| 650 #0 - SUBJECT ADDED ENTRY--TOPICAL TERM | |
| Topical term or geographic name as entry element | Intellectual property. |
| -- | 0000155504 |
| 650 #0 - SUBJECT ADDED ENTRY--TOPICAL TERM | |
| Topical term or geographic name as entry element | Investments, Foreign |
| General subdivision | Law and legislation. |
| -- | 0000181385 |
| 700 1# - ADDED ENTRY--PERSONAL NAME | |
| Personal name | Lester, Simon. |
| -- | 0000183048 |
| 852 1# - LOCATION | |
| -- | p5220 KES |
| 908 ## - PUT COMMAND PARAMETER (RLIN) | |
| Put command parameter | 130228 |
| 950 ## - LOCAL HOLDINGS (RLIN) | |
| -- | 1 |
| Withdrawn status | Lost status | Source of classification or shelving scheme | Not for loan | Home library | Current library | Date acquired | Total Checkouts | Total Renewals | Full call number | Barcode | Date last seen | Date last checked out | Price effective from | Koha item type |
|---|---|---|---|---|---|---|---|---|---|---|---|---|---|---|
| Library of Congress Classification | Kabarak, Main Campus | Kabarak, Main Campus | 17/12/2015 | 31 | 5 | K3941 .W67 2008 c. 1 | 014511 | 02/12/2023 | 18/11/2023 | 17/12/2015 | General Collection |